000 00267nam a22001217a 4500
008 171208b xxu||||| |||| 00| 0 eng d
041 _aeng
080 _a82
100 _a27
101 _aGJL
245 _aTICS AND THEIR TREATMENT
_cMEIGE & FENDEL
942 _2udc
_cBK
999 _c38830
_d38830